| 000 | 00626nam a2200205 a 4500 | ||
|---|---|---|---|
| 001 | 2323 | ||
| 003 | CDMR | ||
| 005 | 20131014164202.0 | ||
| 008 | 130130s2000||||||||||||||||||||||||||||d | ||
| 020 | _a8489779228 | ||
| 040 |
_aCDMR _bcat _cCDMR |
||
| 100 | 1 |
_aCabo, Isabel de _91740 |
|
| 245 | 1 | 3 |
_aLa resistencia cultural bajo el franquismo _b: en torno a la revista "Destino" (1957-1961) _cIsabel de Cabo ; prólogo de Jordi Casassas |
| 260 |
_aBarcelona _c2000 _bÁltera |
||
| 300 | _a236 p. | ||
| 650 | 0 | 4 |
_93312 _aFranquisme |
| 650 | 0 | 4 |
_93469 _aRevistes _zEspanya _yS. XX |
| 610 | 2 |
_93381 _aDestino (Revista) |
|
| 942 |
_cMON _2udc |
||
| 999 |
_c2323 _d2323 |
||